00605 2200229 4500001002100000005001500021035002000036007000300056008004100059020002200100082001000122084001600132100001900148245003800167260003700205300003600242650002400278700002500302504002600327990001100353990001100364INLIS00000000000339020090103010700 a0010-0109000053ta090103 g 0 ind  a978-602-7760-60-8 a153.8 a153.8 ANW c0 aANWAR, Saputra1 aChange Your Mind /cAnwar Saputra aYogyakarta :bSecond Hope,c2017 aviii, 163 hlm :bilus. ;c21 cm 4aPSIKOLOGI. MOTIVASI0 aREDAKSI, Second Hope aBibliografi: hlm. 163 a6601 a a6601 b